000 00549nam a2200181 4500
001 5968
005 20230410121003.0
008 060907n1992 dr spa
020 _a2711120910
035 _9funglode6023
041 _aFR
050 1 4 _aJF 1525 M323c 1992
100 _aMaarek, Philippe J.
245 1 _aCommunication politique et publique :
_bcommunication et marketing de l'homme politique /
_cPhilippe J. Maarek
260 _aParis :
_bLibraire de la Cour de cassation,
_c1992
300 _aviii, 306 p.
942 _2lcc
_cbk
999 _c55736
_d55736